000 00366nam a2200145Ia 4500
008 230711s9999||||xx |||||||||||||| ||und||
041 _aENG
082 _a624
_bDA-I
100 _aDaleta,S
245 0 _aISO 9000 quality systems
250 _a1st Ed.
260 _c1993
_aNew Delhi
_bStandard Publishing Distributors
650 _aMechanical Engineering
942 _cBK
999 _c2734
_d2734